LARONE'S MEDICALLY IMPORTANT FUNGI : A GUIDE TO IDENTIFICATION (Record no. 23772)
[ view plain ]
| 000 -LEADER | |
|---|---|
| fixed length control field | 00470nam a22001697a 4500 |
| 003 - CONTROL NUMBER IDENTIFIER | |
| control field | SGT |
| 020 ## - INTERNATIONAL STANDARD BOOK NUMBER | |
| International Standard Book Number | 9781555819873 |
| 082 ## - DEWEY DECIMAL CLASSIFICATION NUMBER | |
| Classification number | 616.9 |
| Item number | L18W |
| 100 ## - MAIN ENTRY--PERSONAL NAME | |
| Personal name | WALSH, THOMAS H. |
| 245 ## - TITLE STATEMENT | |
| Title | LARONE'S MEDICALLY IMPORTANT FUNGI : A GUIDE TO IDENTIFICATION |
| 250 ## - EDITION STATEMENT | |
| Edition statement | 6TH |
| 260 ## - PUBLICATION, DISTRIBUTION, ETC. (IMPRINT) | |
| Place of publication, distribution, etc | WASHINGTON |
| Name of publisher, distributor, etc | ASM PRESS PUB |
| Year of Publication | 2018 |
| 300 ## - PAGE DESCRIPTION | |
| No. of Pages | 523 |
| 650 ## - SUBJECT ADDED ENTRY--TOPICAL TERM | |
| Topical term or geographic name as entry element | GENERAL MEDICINE |
| 653 ## - KEYWORDS--INDEX TERM | |
| Keyword term | LARONE'S MEDICALLY IMPORTANT FUNGI : A GUIDE TO IDENTIFICATION |
| 942 ## - ADDED ENTRY ELEMENTS (KOHA) | |
| Source of classification or shelving scheme | Dewey Decimal Classification |
| Koha item type | Books |
| Withdrawn status | Lost status | Source of classification or shelving scheme | Damaged status | Not for loan | Collection code | Home library | Current library | Shelving location | Date acquired | Vendor Name | Cost, normal purchase price | SGTU | Bill Number | Total Checkouts | Full call number | Accession No. (Barcode) | Date last seen | Bill Date | Koha item type |
|---|---|---|---|---|---|---|---|---|---|---|---|---|---|---|---|---|---|---|---|
| Dewey Decimal Classification | Not For Loan | MEDICAL | SGT Medical Library | SGT Medical Library | Reference Book | 08/02/2023 | ABC DELHI | 10973.00 | SGTU | 15633 | 616.9 L18W | FM13754 | 08/02/2023 | 02/01/2023 | Books | ||||
| Dewey Decimal Classification | Not For Loan | MEDICAL | SGT Medical Library | SGT Medical Library | Reference Book | 08/02/2023 | ABC DELHI | 10973.00 | SGTU | 15633 | 616.9 L18W | FM13755 | 08/02/2023 | 02/01/2023 | Books |